000 00835 a2200205 4500
020 _a0471224111
040 _aDLC
_bDLC
082 0 0 _a621.381045
100 1 _aOsche, Gregory R.
245 1 0 _aOptical detection theory for laser applications
_cGregory R. Osche.
260 _aHoboken, N.J. :
_bWiley-Interscience,
_cc2002.
300 _axii, 412 p. :
_bill. ;
_c24 cm.
440 0 _aWiley series in pure and applied optics
650 0 _aLaser communication systems.
650 0 _aOptical detectors.
856 4 2 _3Contributor biographical information
_uhttp://www.loc.gov/catdir/bios/wiley044/2002071322.html
856 4 2 _3Publisher description
_uhttp://www.loc.gov/catdir/description/wiley037/2002071322.html
856 4 2 _3Table of contents
_uhttp://www.loc.gov/catdir/toc/wiley023/2002071322.html
942 _cBK
_k621.381045 OSC
_2ddc
999 _c8026
_d8026